000 01794cam a2200361 4500
008 030806n2003 000 0 eng u
020 _a1842191667
035 _a(Sirsi) u123207
041 _aeng
050 _a333.73
_c18
100 _aSyms, Paul M.
245 _aInternational approaches to the valuation of land and property affected by contamination
260 _aLondon
_bRICS Foundation
_c2003
300 _a35p.
_c30cm.
350 _a20
490 _aRICS Foundation Research Review Series
520 _aAimed at practitioners, this research paper addresses some of the implications involved in the valuation of contaminated land, and compares British research and practice with the situation in the United States. Also provides a short chapter on current research in Australia and New Zealand. With appendices on the Environmental Protection Act 1990 Part IIA and potentially contaminative land uses. References.
520 _aAvailable to download, by subscription or one-off payment, at www.rics-foundation.org. RICS members may also view the research via the public access terminals in the RICS Library - please ask library staff for details.
650 _aBROWNFIELD LAND
650 _aENVIRONMENTAL PROTECTION ACT 1990 PART IIA
650 _aUNITED STATES
650 _aAUSTRALIA
650 _aNEW ZEALAND
650 _aUNITED KINGDOM
650 _aVALUATION TECHNIQUES
650 _aContamination
_96231
650 _aCONTAMINATED LAND
690 _aPROPERTY-PROPERTY APPRAISAL AND VALUATION
700 _aWeber, Bruce R.
710 _aRoyal Institution of Chartered Surveyors
_bFoundation
_94173
856 _uhttps://www.rics.org/site/scripts/download_info.aspx?downloadID=2538
_zView the research on the RICS Foundation website...
942 _n0
999 _c103013
_d103013